| 000 | 00430nam a2200145Ia 4500 | ||
|---|---|---|---|
| 008 | 150610s9999 xx 000 0 und d | ||
| 020 | _a9781411401044 | ||
| 050 |
_aPR2803 _b .A2C76 2004 |
||
| 100 | _aShakespeare, William, 1564-1616 | ||
| 245 |
_aAs you like it / _b[edited by John Crowther] _c. |
||
| 260 |
_aNew York : _bSpark Publishing, _c2004. |
||
| 300 |
_a243pages ; _c19 cm. |
||
| 520 | _aDrama. | ||
| 650 |
_aExiles _xDrama. |
||
| 999 |
_c288128 _d288128 |
||